000 00944nam a22002177a 4500
003 OSt
005 20250917172252.0
008 240326b ||||| |||| 00| 0 eng d
040 _c0
082 _aDPer 621.381 In821 September 2022 v. 37 n. 9
100 _aLiu, Ziheng.
_eauthor.
_955432
245 _aCurrent harmonics analysis and design for load-independent ZVS single-switch resonant DC/DC converter /
_cZiheng Liu, Fanyi Meng, Kaixue Ma, and Kiat Seng Yeo.
260 _aNew York ;
_bThe Institute of Electrical and Electronics Engineers, Inc. ,
_cSeptember 2022.
300 _aVolume 37, pages 10877-10888 :
_billustration ;
_c28 cm.
500 _aIEEE Transitions on Power Electronics, v. 37 n. 9, pages 10877-10888, September 2022.
700 _aLiu, Ziheng.
_eauthor.
_955432
700 _aMeng, Fanyi.
_eauthor.
_955433
700 _aMa, Kaixue.
_eauthor.
_955434
700 _aYeo, Kiat Seng.
_eauthor.
_955435
942 _2ddc
_cPER
999 _c19867
_d19867